| 000 | 02560nam0a2200385 4500 | ||
|---|---|---|---|
| 001 | RU\NLR\bibl\1265367 | ||
| 005 | 20260407124907.0 | ||
| 010 |
_a978-5-7975-0836-6 _95000 |
||
| 021 |
_aRU _b2008-49670 _92750 |
||
| 035 | _a(NLR Aleph) 001251308 | ||
| 090 |
_a320820 _c320820 |
||
| 100 | _a20080826d2008 |||y0rusy50 ca | ||
| 101 | 0 | _arus | |
| 102 | _aRU | ||
| 105 | _ay ||||||||| | ||
| 200 | 1 |
_aПравоведение _eучебник для студентов высших учебных заведений неюридического профиля, обучающихся всем направлениям подготовки бакалавров и магистров, направлениям подготовки дипломированных специалистов, специальностям высшего профессионального образования _f[Веденин Н.Н., д.ю.н., проф., Гусов К.Н., д.ю.н., проф., засл. деят. науки РФ, акад. РАСН, Дашков Г.В., д.ю.н., проф., засл. деят. науки РФ, почет. работник высш. проф. образования РФ и др.] _gпод ред. акад. РАН О.Е. Кутафина _gМ-во образования и науки Рос. Федерации, Моск. гос. юрид. акад. |
|
| 205 | _a3-е изд., перераб. и доп. | ||
| 210 |
_aМосква _cЮристъ _d2008 |
||
| 215 |
_a399 с. _d22 |
||
| 225 | 1 | _aInstitutiones | |
| 300 | _aАвт. указаны на обороте тит. л. | ||
| 320 | _aБиблиогр. в подстроч. примеч. | ||
| 606 | 1 |
_aПраво _jУчебники для высших учебных заведений _yРоссийская Федерация _92070216 _3RU\NLR\auth\661244932 |
|
| 686 | _aХ62я73 | ||
| 701 | 1 |
_aВеденин _bН. Н. _gНиколай Никифорович _4070 |
|
| 701 | 1 |
_4070 _8rus _7ca _aГусов _bК. Н. _gКантемир Николаевич _3RU\NLR\auth\771855 _9111873 |
|
| 701 | 1 |
_aДашков _bГ. В. _gГеннадий Владимирович _4070 |
|
| 702 | 1 |
_4340 _8rus _7ca _aКутафин _bО. Е. _f1937-2008 _gОлег Емельянович _3RU\NLR\auth\7724909 _97959 |
|
| 712 | 0 | 2 |
_4570 _aМосковская государственная юридическая академия _3RU\NLR\AUTH\889967931 _9432223 |
| 801 | 0 |
_aRU _bNLR _c20080826 _gRCR |
|
| 801 | 1 |
_aRU _bNLR _c20080826 |
|
| 942 | _cBOOK | ||
| 980 | _aNB | ||